000 00461nam a2200145Ia 4500
008 140724s9999 xx 000 0 und d
050 _aG 155
_b.F315 2013
100 _aFelipe, Nyzsel Jaz A.
245 _aSal-a Namgi Kit (Tour Survival Kit) /
_cNyzsel Jaz A. Felipe.
260 _aLas PiƱas, Philippines :
_bSouthville International School and Colleges,
_cc2013.
300 _a36 p. :
_bill. ;
_c28 cm.
521 _aTourism
942 _cTH
999 _c229068
_d229068